Pokémon - Les attaques de Otarlette - Statistiques

Statistiques générales
  • Ce quiz a été pris 15 fois
  • Le résultat moyen est 9 sur 14
Statistiques - réponses
Niveaux Types Noms des attaques % Correct
Niveau 50 Eau Hydrocanon
89%
Départ Eau Pistolet à O
89%
Départ Fée Voix Enjôleuse
89%
Niveau 25 Eau Bulles d'O
78%
Départ Normal Écras'Face
78%
Niveau 45 Fée Pouvoir Lunaire
78%
Départ Normal Rugissement
78%
Niveau 12 Fée Regard Touchant
67%
Niveau 15 Glace Vent Glace
67%
Niveau 9 Eau Aqua-Jet
56%
Niveau 40 Normal Mégaphone
56%
Niveau 35 Fée Champ Brumeux
44%
Niveau 20 Normal Berceuse
33%
Niveau 30 Normal Encore
33%
Aucun quiz correspondant
Distribution des résultats
% des personnes avec chaque résultat
Percentile par nombre de réponses
Votre historique - résultats
Vous n’avez pas pris ce quiz